[Event "La Plata Maderna Memorial"]
[Site "La Plata"]
[Date "2016.06.28"]
[Round "5.9"]
[White "Garcia Ciuffani, Mirco"]
[Black "Vernetti, Daniel"]
[Result "1-0"]
[WhiteElo "1851"]
[BlackElo "1701"]
[PlyCount "43"]
[EventDate "2016.06.14"]
[EventType "swiss"]
[EventRounds "7"]
[EventCountry "ARG"]
[SourceTitle "EXT 2024"]
[Source "ChessBase"]
[SourceDate "2023.10.10"]
[SourceVersion "1"]
[SourceVersionDate "2023.10.10"]
[SourceQuality "1"]

1. Nf3 d5 2. g3 Nf6 3. Bg2 Bf5 4. d3 c6 5. Nbd2 Nbd7 6. 0-0 e5 7. Re1 Bd6 8. e4 Be6 9. d4 Qc7 10. exd5 cxd5 11. dxe5 Nxe5 12. Nxe5 Bxe5 13. Nf3 Bd6 14. Nd4 0-0 15. Rxe6 fxe6 16. Nxe6 Qf7 17. Nxf8 Bc5 18. Nxh7 Kxh7 19. Qd3+ g6 20. Be3 d4 21. Bxd4 Rd8 22. c3 1-0

[Event "La Plata Maderna Memorial"]
[Site "La Plata"]
[Date "2016.06.23"]
[Round "4.4"]
[White "Torres, Sergio"]
[Black "Garcia Ciuffani, Mirco"]
[Result "1-0"]
[WhiteElo "2032"]
[BlackElo "1851"]
[PlyCount "53"]
[EventDate "2016.06.14"]
[EventType "swiss"]
[EventRounds "7"]
[EventCountry "ARG"]
[SourceTitle "EXT 2024"]
[Source "ChessBase"]
[SourceDate "2023.10.10"]
[SourceVersion "1"]
[SourceVersionDate "2023.10.10"]
[SourceQuality "1"]

1. e4 e5 2. f4 Bc5 3. Nf3 d6 4. Bc4 Nf6 5. Nc3 Nc6 6. d3 Bg4 7. h3 Bxf3 8. Qxf3 Nd4 9. Qd1 b5 10. Nxb5 Nxe4 11. dxe4 Qh4+ 12. Kd2 Qxf4+ 13. Kc3 Qg3+ 14. Qd3 Qxg2 15. Be3 a5 16. Bxd4 exd4+ 17. Nxd4 Bb4+ 18. Kb3 0-0 19. a4 Rfb8 20. Ka2 Bc5 21. Bxf7+ Kh8 22. Bb3 Rb4 23. Nf5 Rxe4 24. Rae1 Rae8 25. Rxe4 Rxe4 26. Rf1 Re5 27. Nh6 1-0

[Event "Buenos Aires Duchamp Boca op 3rd"]
[Site "Buenos Aires"]
[Date "2013.06.27"]
[Round "7"]
[White "Perez Wertheim, Rodolfo"]
[Black "Garcia Ciuffani, Mirco"]
[Result "1-0"]
[WhiteElo "2017"]
[BlackElo "1758"]
[PlyCount "83"]
[EventDate "2013.06.20"]
[EventType "swiss"]
[EventRounds "9"]
[EventCountry "ARG"]
[SourceTitle "CBM 155 Extra"]
[Source "ChessBase"]
[SourceDate "2013.08.26"]
[SourceVersion "1"]
[SourceVersionDate "2013.08.26"]
[SourceQuality "1"]

1. d4 d6 2. e4 e5 3. dxe5 dxe5 4. Qxd8+ Kxd8 5. Bc4 Be6 6. Bxe6 fxe6 7. Bg5+ Nf6 8. Nd2 Bd6 9. 0-0-0 Ke7 10. Ngf3 Nc6 11. Rhe1 a6 12. Nc4 Rad8 13. Re2 b5 14. Ne3 Bc5 15. Rxd8 Bxe3+ 16. Bxe3 Kxd8 17. Ng5 Re8 18. f3 h6 19. Nh3 Ke7 20. Bc5+ Kf7 21. Rd2 Rd8 22. Nf2 Rxd2 23. Kxd2 Nd7 24. Nd3 Na5 25. b3 Nb7 26. Ba3 Na5 27. Nb4 Nb8 28. Bb2 Nac6 29. Nd3 Nd7 30. Kc3 g5 31. Bc1 Nd4 32. Nxe5+ Nxe5 33. Kxd4 Nd7 34. Ba3 c6 35. Bd6 Ke8 36. g3 Kf7 37. c4 Kf6 38. cxb5 e5+ 39. Bxe5+ Nxe5 40. bxa6 Nd7 41. a7 Nb6 42. Kc5 1-0

[Event "Buenos Aires Duchamp Boca op 3rd"]
[Site "Buenos Aires"]
[Date "2013.06.26"]
[Round "6"]
[White "Garcia Ciuffani, Mirco"]
[Black "Bianchi, Augusto"]
[Result "1-0"]
[WhiteElo "1758"]
[BlackElo "1948"]
[PlyCount "71"]
[EventDate "2013.06.20"]
[EventType "swiss"]
[EventRounds "9"]
[EventCountry "ARG"]
[SourceTitle "CBM 155 Extra"]
[Source "ChessBase"]
[SourceDate "2013.08.26"]
[SourceVersion "1"]
[SourceVersionDate "2013.08.26"]
[SourceQuality "1"]

1. e4 c5 2. Nf3 g6 3. g3 d5 4. d3 dxe4 5. dxe4 Qxd1+ 6. Kxd1 Nf6 7. Nbd2 Nc6 8. c3 Bg4 9. Bg2 Rd8 10. Kc2 h6 11. h3 Be6 12. a4 Bg7 13. a5 0-0 14. Re1 b5 15. axb6 axb6 16. Bf1 Ra8 17. Rxa8 Rxa8 18. Bb5 Na7 19. Bc4 Bxh3 20. Ne5 e6 21. f3 b5 22. Be2 Nh5 23. Nd3 e5 24. g4 Ng3 25. Nf2 Nxe2 26. Rxe2 Bg2 27. Nd3 c4 28. Nb4 Bf8 29. Nd5 Bxf3 30. Nxf3 Nc6 31. Rh2 b4 32. Bxh6 b3+ 33. Kb1 Bxh6 34. Rxh6 Kg7 35. g5 Rf8 36. Nf6 1-0

[Event "Buenos Aires Duchamp Boca op 3rd"]
[Site "Buenos Aires"]
[Date "2013.06.20"]
[Round "1"]
[White "Garcia Ciuffani, Mirco"]
[Black "Sosa, Tomas Sebastian"]
[Result "0-1"]
[WhiteElo "1758"]
[BlackElo "2234"]
[PlyCount "48"]
[EventDate "2013.06.20"]
[EventType "swiss"]
[EventRounds "9"]
[EventCountry "ARG"]
[SourceTitle "CBM 155 Extra"]
[Source "ChessBase"]
[SourceDate "2013.08.26"]
[SourceVersion "1"]
[SourceVersionDate "2013.08.26"]
[SourceQuality "1"]

1. e4 c5 2. Nf3 d6 3. Bb5+ Bd7 4. a4 Nc6 5. 0-0 Nf6 6. Re1 e6 7. d3 Be7 8. Bxc6 Bxc6 9. e5 Nd7 10. Bf4 d5 11. Qd2 h6 12. h3 g5 13. Bh2 h5 14. g4 hxg4 15. hxg4 Qc7 16. Nc3 a6 17. Kg2 d4 18. Ne4 Rxh2+ 19. Kxh2 Nxe5 20. Nxe5 Qxe5+ 21. Ng3 Qd5 22. Re4 0-0-0 23. f4 f5 24. Re5 Rh8+ 0-1

[Event "ARG-ch 86th"]
[Site "La Plata"]
[Date "2012.07.07"]
[Round "4"]
[White "Fernandez, Maria Florencia"]
[Black "Garcia Ciuffani, Mirco"]
[Result "1-0"]
[WhiteElo "2150"]
[BlackElo "1764"]
[PlyCount "73"]
[EventDate "2012.07.04"]
[EventType "swiss"]
[EventRounds "11"]
[EventCountry "ARG"]
[SourceTitle "CBM 149 Extra"]
[Source "ChessBase"]
[SourceDate "2012.08.24"]
[SourceVersion "1"]
[SourceVersionDate "2012.08.24"]
[SourceQuality "1"]

1. d4 d6 2. c4 e5 3. Nc3 Nf6 4. Bg5 Be7 5. Nf3 Nbd7 6. Qc2 c6 7. e4 Qa5 8. Bd2 Qc7 9. h3 Nf8 10. 0-0-0 Ne6 11. Be3 Bd7 12. c5 exd4 13. cxd6 Bxd6 14. Nxd4 Nxd4 15. Bxd4 Be5 16. Bc5 Qa5 17. Bd4 Be6 18. Bxe5 Qxe5 19. g3 Qc5 20. f4 Qe3+ 21. Qd2 Qxd2+ 22. Rxd2 Rd8 23. Rxd8+ Kxd8 24. f5 Bc8 25. Bc4 Re8 26. Rd1+ Kc7 27. Bxf7 Re7 28. Bb3 Rxe4 29. Nxe4 Nxe4 30. g4 Nf2 31. Rd2 Nxh3 32. Be6 Ng5 33. Bxc8 Kxc8 34. Kc2 Nf3 35. Rf2 Ne5 36. g5 Ng4 37. f6 1-0

[Event "ARG-ch 86th"]
[Site "La Plata"]
[Date "2012.07.06"]
[Round "3"]
[White "Garcia Ciuffani, Mirco"]
[Black "Benedetti, Julio"]
[Result "0-1"]
[WhiteElo "1764"]
[BlackElo "2090"]
[PlyCount "70"]
[EventDate "2012.07.04"]
[EventType "swiss"]
[EventRounds "11"]
[EventCountry "ARG"]
[SourceTitle "CBM 149 Extra"]
[Source "ChessBase"]
[SourceDate "2012.08.24"]
[SourceVersion "1"]
[SourceVersionDate "2012.08.24"]
[SourceQuality "1"]

1. Nf3 Nf6 2. g3 g6 3. Bg2 Bg7 4. 0-0 0-0 5. d3 d5 6. Nbd2 c5 7. e4 Nc6 8. Re1 e6 9. c3 b6 10. Nf1 dxe4 11. dxe4 Bb7 12. Qxd8 Rfxd8 13. e5 Nd5 14. Bg5 Nde7 15. Nd4 cxd4 16. Bxe7 Nxe7 17. Bxb7 Rab8 18. Bg2 dxc3 19. bxc3 Rbc8 20. Rad1 Rxd1 21. Rxd1 Bxe5 22. Rd7 Kf8 23. Rxa7 Rxc3 24. Ra8+ Kg7 25. Ra7 Bd6 26. Rd7 Bc5 27. Bh3 f5 28. Bg2 Kf6 29. Rd2 e5 30. Bd5 Nxd5 31. Rxd5 Rc2 32. Rd2 Rxd2 33. Nxd2 e4 34. Nb3 Ke5 35. a4 Bb4 0-1

[Event "ARG-ch 86th"]
[Site "La Plata"]
[Date "2012.07.05"]
[Round "2"]
[White "Benedetti, Antonella"]
[Black "Garcia Ciuffani, Mirco"]
[Result "0-1"]
[WhiteElo "2026"]
[BlackElo "1764"]
[PlyCount "86"]
[EventDate "2012.07.04"]
[EventType "swiss"]
[EventRounds "11"]
[EventCountry "ARG"]
[SourceTitle "CBM 149 Extra"]
[Source "ChessBase"]
[SourceDate "2012.08.24"]
[SourceVersion "1"]
[SourceVersionDate "2012.08.24"]
[SourceQuality "1"]

1. e4 d6 2. d4 e5 3. Nf3 Nf6 4. Nc3 Nbd7 5. Bc4 Be7 6. 0-0 0-0 7. Bg5 c6 8. dxe5 dxe5 9. Qe2 h6 10. Bh4 Re8 11. Rad1 Qc7 12. Bg3 b5 13. Bd3 Bb4 14. Nh4 Nc5 15. Nb1 Bg4 16. f3 Nxd3 17. cxd3 Be6 18. b3 Nh5 19. Bf2 Be7 20. Nf5 Bxf5 21. exf5 Bd6 22. g3 Qd7 23. g4 Nf4 24. Qe4 Nh3+ 25. Kg2 Nxf2 26. Rxf2 Bc5 27. Rc2 Qd6 28. Rdc1 Ba3 29. Nxa3 Qxa3 30. Qxc6 a6 31. Qe4 Rad8 32. Qe3 a5 33. f6 a4 34. fxg7 Kxg7 35. Qa7 Rxd3 36. Qa5 e4 37. Qxb5 exf3+ 38. Kf2 Qd6 39. Qh5 Qd4+ 40. Kg3 f2+ 41. Kg2 Qe4+ 42. Kf1 Qe1+ 43. Kg2 Qe4+ 0-1

[Event "ARG-ch 86th"]
[Site "La Plata"]
[Date "2012.07.04"]
[Round "1"]
[White "Garcia Ciuffani, Mirco"]
[Black "Krysa, Leandro Sergio"]
[Result "0-1"]
[WhiteElo "1764"]
[BlackElo "2424"]
[PlyCount "40"]
[EventDate "2012.07.04"]
[EventType "swiss"]
[EventRounds "11"]
[EventCountry "ARG"]
[SourceTitle "CBM 149 Extra"]
[Source "ChessBase"]
[SourceDate "2012.08.24"]
[SourceVersion "1"]
[SourceVersionDate "2012.08.24"]
[SourceQuality "1"]

1. Nf3 Nf6 2. c4 e6 3. d4 d5 4. Nc3 dxc4 5. e3 a6 6. Bxc4 b5 7. Bd3 c5 8. Ne4 Nbd7 9. Qc2 c4 10. Nxf6+ gxf6 11. Be4 Rb8 12. d5 f5 13. dxe6 fxe6 14. Bc6 Qc7 15. Nd4 Bc5 16. Qd1 0-0 17. Bxb5 axb5 18. Nxe6 Qc6 19. Nxf8 Qxg2 20. Ke2 Qg4+ 0-1